000 00427nam a2200157 i 4500
001 24107
003 ES-MaACL
005 20230906153007.0
007 t|
008 021216s1963 sp ||||1| spa d
100 1 _aAmat Llabres, Juan.
_921140
245 1 0 _aCultivo del peral... /
_cJuan Amat Llabres.
260 _a[Barcelona :
_bSintes,
_c1963]
300 _a317 p. :
_bil. ;
_c18 cm.
852 _aES-MaACL
_jC-25524
_bR.54308
999 _c24107
_d24107